[Event "StM 2004"]
[Site "Hartberg"]
[Date "2004.??.??"]
[Round "3.14"]
[White "Scheffknecht, Philipp"]
[Black "Druckenthaner, Andreas"]
[Result "1/2-1/2"]
[WhiteElo "2171"]
[BlackElo "2290"]
[PlyCount "36"]
[EventDate "2004.??.??"]

1. d4 d6 2. Bg5 g6 3. e4 Bg7 4. c3 Nf6 5. Nd2 O-O 6. Ngf3 Nbd7 7. Bd3 h6 8. Bh4
e5 9. O-O c6 10. Re1 Qc7 11. a4 Nh5 12. Nc4 Nb6 13. Ne3 a5 14. Bf1 Be6 15. dxe5
dxe5 16. Qc2 f6 17. Nd2 Qf7 18. b4 axb4 1/2-1/2

[Event "StM 2004"]
[Site "Hartberg"]
[Date "2004.??.??"]
[Round "3.15"]
[White "Arwanitakis, Michael"]
[Black "Freitag, Manfred"]
[Result "1/2-1/2"]
[WhiteElo "2242"]
[BlackElo "2397"]
[PlyCount "81"]
[EventDate "2004.??.??"]

1. e4 c5 2. Nc3 d6 3. g3 g6 4. Bg2 Bg7 5. d3 Nc6 6. Nge2 e6 7. O-O Nge7 8. Bg5
O-O 9. Qd2 e5 10. Rab1 Be6 11. Nd5 f6 12. Be3 Qd7 13. c3 Bg4 14. f3 Be6 15.
Nxe7+ Qxe7 16. b4 Rad8 17. f4 Bh6 18. b5 Nb8 19. f5 Bxe3+ 20. Qxe3 Bf7 21. c4
Kg7 22. g4 g5 23. Bf3 Rh8 24. Ng3 Qc7 25. Qd2 Nd7 26. a4 Ra8 27. a5 a6 28. b6
Qc8 29. Kf2 Nb8 30. Rh1 Nc6 31. h4 h6 32. Rh2 Qd7 33. Rbh1 Rag8 34. Bd1 Nd4 35.
Rh3 Be8 36. Ke3 gxh4 37. Rxh4 Kf8 38. Kf2 Qg7 39. Rxh6 Rxh6 40. Rxh6 Rh8 41.
Rxh8+ 1/2-1/2

[Event "StM 2004"]
[Site "Hartberg"]
[Date "2004.??.??"]
[Round "3.16"]
[White "Karner, Christoph"]
[Black "Schwab, Rene"]
[Result "1-0"]
[WhiteElo "2364"]
[BlackElo "2240"]
[PlyCount "73"]
[EventDate "2004.??.??"]

1. d4 Nf6 2. c4 c5 3. d5 e6 4. Nc3 exd5 5. cxd5 Bd6 6. e4 Be5 7. Bd3 O-O 8.
Nge2 Re8 9. Bg5 d6 10. O-O Bxh2+ 11. Kh1 Be5 12. f4 Bxc3 13. Nxc3 h6 14. Bh4
Nbd7 15. Qf3 a6 16. Rae1 b5 17. e5 dxe5 18. Ne4 Bb7 19. fxe5 Nxe5 20. Nxf6+
Qxf6 21. Qg3 Qd6 22. Bf6 Qf8 23. Bxe5 Bxd5 24. Rf6 Re6 25. Rxe6 Bxe6 26. Bd6
Qc8 27. Bb1 c4 28. Qe5 Qd8 29. Bb4 Qh4+ 30. Kg1 Re8 31. Bc3 f6 32. Qd6 Qg4 33.
a3 a5 34. Qc6 Re7 35. Qxb5 Rd7 36. Be4 Rd1 37. Qe8# 1-0

[Event "StM 2004"]
[Site "Hartberg"]
[Date "2004.??.??"]
[Round "3.17"]
[White "Wegerer, Fred"]
[Black "Wallner, Joachim"]
[Result "1-0"]
[WhiteElo "2230"]
[BlackElo "2319"]
[PlyCount "113"]
[EventDate "2004.??.??"]

1. Nf3 Nf6 2. d4 d5 3. Nbd2 g6 4. e3 Bg7 5. Bd3 O-O 6. Ne5 c5 7. c3 Nc6 8. f4
Nd7 9. O-O Ndxe5 10. fxe5 f6 11. exf6 exf6 12. dxc5 Qe7 13. Nb3 Ne5 14. Bc2 Rd8
15. Qe2 f5 16. a4 Re8 17. Rd1 Be6 18. Nd4 Bf7 19. b4 a6 20. Bb3 Ng4 21. Re1 Qc7
22. g3 h5 23. Qf3 Rad8 24. Ra2 Bf6 25. Rg2 Kg7 26. Bc2 Be5 27. Rf1 Be6 28. a5
Re7 29. Bb3 Nf6 30. Rd1 Bf7 31. Bb2 Ne4 32. Qf1 Kg8 33. c4 Nf6 34. cxd5 Bxd5
35. Bxd5+ Nxd5 36. Qc4 Kh7 37. Nxf5 Nxe3 38. Nxe3 Bxb2 39. Rxb2 Rxd1+ 40. Nxd1
Re1+ 41. Kf2 Rxd1 42. Re2 Qd7 43. Qf4 Qg7 44. Kg2 Rd7 45. Qe5 Qf7 46. Qe6 Qg7
47. Rf2 Rc7 48. h4 Kh6 49. Rf6 Kh7 50. Rf2 Kh6 51. Qf6 Qd7 52. Qh8+ Qh7 53.
Qxh7+ Kxh7 54. Rf6 Kg7 55. Rb6 Rf7 56. c6 bxc6 57. Rxc6 1-0

[Event "StM 2004"]
[Site "Hartberg"]
[Date "2004.??.??"]
[Round "3.18"]
[White "Rolletschek, Heinrich"]
[Black "Krebs, Johann"]
[Result "1/2-1/2"]
[WhiteElo "2316"]
[BlackElo "2223"]
[PlyCount "186"]
[EventDate "2004.??.??"]

1. e4 c5 2. g3 Nc6 3. Bg2 g6 4. Ne2 Bg7 5. c3 e5 6. f4 d6 7. d3 Nge7 8. Na3 Be6
9. Nc2 Qd7 10. O-O O-O 11. Be3 b6 12. d4 Bg4 13. fxe5 dxe5 14. d5 Na5 15. b3
Nb7 16. Qd2 Nd6 17. c4 Bh3 18. Nc3 h5 19. Rae1 Kh7 20. a4 Ng8 21. Nb5 Bg4 22.
Nxd6 Qxd6 23. Qd3 Bh6 24. Bf2 Bd7 25. Re2 Nf6 26. Na3 a5 27. Be1 Ne8 28. Bc3
Qe7 29. Ref2 Nd6 30. Re1 Kg7 31. Qf1 h4 32. Bh3 hxg3 33. hxg3 f6 34. Rh2 Rh8
35. Bxd7 Qxd7 36. Qf3 Rh7 37. Rf1 Qe7 38. Nc2 Rah8 39. Rff2 Nf7 40. Qe2 Kg8 41.
Ne1 Bg5 42. Rxh7 Rxh7 43. Rh2 Qd7 44. Rxh7 Kxh7 45. Kg2 Bc1 46. Nd3 Ng5 47. Nf2
Nf7 48. Ng4 Bg5 49. Qf3 Kg7 50. Kf2 Qd8 51. Ke2 Qh8 52. Nf2 Qh2 53. Kf1 Nd6 54.
Be1 Qh8 55. Ke2 Qc8 56. Bc3 Nf7 57. Qg4 Qxg4+ 58. Nxg4 Kf8 59. Nh2 Nd6 60. Kd3
Ke7 61. Nf3 Bh6 62. Bd2 Bxd2 63. Nxd2 Kf7 64. Nb1 Ke7 65. Nc3 Kd7 66. Ke3 Ke7
67. Nb5 Nc8 68. Kf3 Kd7 69. Kg4 Ne7 70. Kh4 f5 71. Nc3 Nc8 72. exf5 gxf5 73.
Kg5 Nd6 74. Nb5 Ne4+ 75. Kxf5 Nxg3+ 76. Kxe5 Ne2 77. Nd6 Nd4 78. Ne4 Nxb3 79.
Nf6+ Kd8 80. d6 Nd4 81. Kd5 Kc8 82. Ng4 Kb7 83. Ne5 Kc8 84. Nc6 Kd7 85. Ne5+
Kc8 86. Ng6 Kd7 87. Nf8+ Ke8 88. Ne6 Kd7 89. Nc7 Nc2 90. Na8 Ne3+ 91. Ke4 Nxc4
92. Kd5 Nxd6 93. Nxb6+ Kc7 1/2-1/2

[Event "StM 2004"]
[Site "Hartberg"]
[Date "2004.??.??"]
[Round "3.19"]
[White "Poeltl, Thomas"]
[Black "Schnider, Gert"]
[Result "0-1"]
[WhiteElo "2217"]
[BlackElo "2314"]
[PlyCount "132"]
[EventDate "2004.??.??"]

1. d4 Nf6 2. c4 e6 3. g3 d5 4. Nf3 Be7 5. Bg2 O-O 6. O-O dxc4 7. Ne5 c5 8. dxc5
Bxc5 9. Qc2 Qc7 10. Nxc4 Nc6 11. e3 Bd7 12. b3 Nb4 13. Qe2 Bc6 14. Bb2 Bxg2 15.
Kxg2 Rfd8 16. Bxf6 gxf6 17. Nc3 Be7 18. e4 a6 19. Qg4+ Kh8 20. Ne2 b5 21. Ne3
Qb7 22. Qf3 Rd3 23. Nf4 Rd4 24. Rfd1 Rad8 25. Rxd4 Rxd4 26. Qh5 Bf8 27. f3 Rd2+
28. Kh3 Qd7 29. Ng4 e5 30. Ng2 Nd3 31. N2e3 Nf2+ 32. Kh4 Nxg4 33. Nxg4 Be7 34.
Kh3 Kg8 35. a4 b4 36. Rf1 Qe6 37. f4 exf4 38. Rxf4 Rb2 39. Rf5 Rxb3 40. Nh6+
Kf8 41. e5 Rc3 42. Qg4 Ke8 43. exf6 Bf8 44. Nxf7 Qxf7 45. Qe4+ Kd7 46. Qb7+ Rc7
47. Qxa6 Qe6 48. Qb5+ Kc8 49. Kh4 Qc4+ 50. g4 Qxb5 51. Rxb5 Rb7 52. Re5 Kd7 53.
Re1 b3 54. g5 b2 55. Rb1 Ba3 56. a5 Ke6 57. Kh5 Kf7 58. Kh6 Rb4 59. Kh5 Ra4 60.
Rd1 Rxa5 61. Rd7+ Ke6 62. Rb7 Rd5 63. Kh6 Rd7 64. Rb3 Kf5 65. Rb5+ Kg4 66. Rb3
Bf8# 0-1

[Event "StM 2004"]
[Site "Hartberg"]
[Date "2004.??.??"]
[Round "3.20"]
[White "Neumeier, Klaus"]
[Black "Wagner, Stephan"]
[Result "1-0"]
[WhiteElo "2305"]
[BlackElo "2174"]
[PlyCount "83"]
[EventDate "2004.??.??"]

1. e4 c5 2. Nf3 Nc6 3. Bb5 g6 4. O-O Bg7 5. Re1 Nh6 6. c3 O-O 7. d4 Qb6 8. Na3
d6 9. h3 a6 10. Bc4 Na5 11. Bf1 cxd4 12. cxd4 f5 13. e5 dxe5 14. Nxe5 Rd8 15.
Qa4 Nf7 16. Nxf7 Kxf7 17. Bg5 Bf6 18. Bxf6 exf6 19. d5 Bd7 20. Qh4 h5 21. b4
Qd6 22. Nb1 Re8 23. Nc3 Rac8 24. Rxe8 Bxe8 25. Rc1 b5 26. Ne4 fxe4 27. Rxc8
Qxb4 28. Rc7+ Kg8 29. Qxf6 Qf8 30. Qb6 Nc4 31. Bxc4 bxc4 32. Rxc4 Qf5 33. Qe6+
Bf7 34. Rc8+ Kg7 35. Rc7 Qf4 36. d6 h4 37. Qb3 Qf6 38. Qc3 Qxc3 39. Rxc3 Kf6
40. Ra3 Bc4 41. Ra4 Bd3 42. Rd4 1-0

[Event "StM 2004"]
[Site "Hartberg"]
[Date "2004.??.??"]
[Round "3.21"]
[White "Petschar, Kurt"]
[Black "Nickl, Klaus"]
[Result "0-1"]
[WhiteElo "2289"]
[BlackElo "2171"]
[PlyCount "50"]
[EventDate "2004.??.??"]

1. d4 Nf6 2. Nf3 g6 3. Nc3 d5 4. Bf4 Bg7 5. Qd2 c6 6. Ne5 Nfd7 7. O-O-O Nxe5 8.
Bxe5 f6 9. Bf4 Qa5 10. Bh6 Kf7 11. Bxg7 Kxg7 12. h4 h5 13. e4 e6 14. e5 f5 15.
Rh3 Nd7 16. Rg3 Qd8 17. Ne2 Qxh4 18. Nf4 Nf8 19. Rh3 Qe7 20. Be2 Bd7 21. Rdh1
Be8 22. Bxh5 gxh5 23. Rg3+ Bg6 24. Rxh5 Rh7 25. Rhg5 Rh1+ 0-1

[Event "StM 2004"]
[Site "Hartberg"]
[Date "2004.??.??"]
[Round "3.22"]
[White "Schmidlechner, Alexander"]
[Black "Genser, Harald"]
[Result "1/2-1/2"]
[WhiteElo "2212"]
[BlackElo "2285"]
[PlyCount "59"]
[EventDate "2004.??.??"]

1. d4 d5 2. c4 c6 3. cxd5 cxd5 4. Nc3 Nf6 5. Bf4 Nc6 6. e3 a6 7. Bd3 Bg4 8. f3
Bh5 9. Nge2 e6 10. Rc1 Bd6 11. O-O O-O 12. Na4 Bg6 13. Nc5 Bxc5 14. Rxc5 Bxd3
15. Qxd3 Nh5 16. Rfc1 Nxf4 17. Nxf4 Qd7 18. Qc3 Rfc8 19. Nd3 f6 20. Qb3 Rab8
21. R5c3 Na5 22. Qb4 Rxc3 23. Qxc3 Nc4 24. b3 Nd6 25. Qc7 Rd8 26. Qb6 Rc8 27.
Rc5 Kf7 28. Kf2 Ke7 29. Qb4 Rc6 30. Rxc6 1/2-1/2

[Event "StM 2004"]
[Site "Hartberg"]
[Date "2004.??.??"]
[Round "3.23"]
[White "Wiedner, Robert"]
[Black "Holzer, Gerhard"]
[Result "1/2-1/2"]
[WhiteElo "2214"]
[BlackElo "2270"]
[PlyCount "82"]
[EventDate "2004.??.??"]

1. c4 c5 2. g3 Nf6 3. Bg2 g6 4. Nc3 Bg7 5. e3 O-O 6. Nge2 d6 7. O-O Nc6 8. d4
cxd4 9. Nxd4 Ne5 10. b3 Bg4 11. f3 Bd7 12. Bb2 Rc8 13. Qe2 Nc6 14. Rad1 Qb6 15.
Qf2 a6 16. Rd2 Rfe8 17. Rfd1 Qa5 18. Bf1 Nxd4 19. Rxd4 Bc6 20. a3 Qc7 21. R4d2
Bh6 22. Bh3 Rcd8 23. Rd3 Nd7 24. Nd5 Qb8 25. b4 b6 26. e4 Bxd5 27. Rxd5 Bg7 28.
Bxg7 Kxg7 29. Bxd7 Rxd7 30. c5 bxc5 31. bxc5 Red8 32. e5 Qb3 33. exd6 exd6 34.
c6 Re7 35. Rxd6 Qxd1+ 36. Rxd1 Rxd1+ 37. Kg2 f6 38. g4 Rc1 39. Qb6 Rc2+ 40. Kg3
Ree2 41. h4 Rg2+ 1/2-1/2

[Event "StM 2004"]
[Site "Hartberg"]
[Date "2004.??.??"]
[Round "3.24"]
[White "Kuthan, Andreas"]
[Black "Schwarhofer, Christopher"]
[Result "1/2-1/2"]
[WhiteElo "2269"]
[BlackElo "2029"]
[PlyCount "27"]
[EventDate "2004.??.??"]

1. e4 c5 2. c3 Nf6 3. e5 Nd5 4. d4 cxd4 5. Nf3 e6 6. cxd4 b6 7. Nc3 Nxc3 8.
bxc3 Qc7 9. Bd2 Bb7 10. Bd3 d6 11. O-O dxe5 12. Nxe5 Bd6 13. Re1 Nc6 14. Bb5
1/2-1/2

[Event "StM 2004"]
[Site "Hartberg"]
[Date "2004.??.??"]
[Round "3.25"]
[White "Posch, Werner"]
[Black "Srienz, Christian"]
[Result "0-1"]
[WhiteElo "2172"]
[BlackElo "2256"]
[PlyCount "102"]
[EventDate "2004.??.??"]

1. e4 c5 2. Nc3 Nc6 3. g3 g6 4. Bg2 Bg7 5. d3 e6 6. Be3 b6 7. Qd2 Ba6 8. Nh3
Rc8 9. O-O Ne5 10. Bg5 f6 11. Bf4 Ne7 12. Bh6 O-O 13. Bxg7 Kxg7 14. f4 Nf7 15.
Rae1 e5 16. b3 d6 17. Nf2 Rc7 18. Ng4 Bb7 19. fxe5 fxe5 20. Rf2 Ng8 21. Ref1 h5
22. Ne3 Qg5 23. Qe1 Rcc8 24. h4 Qd8 25. Bh3 Rb8 26. Be6 Ngh6 27. Ncd5 Bc8 28.
Rf6 Bxe6 29. Rxe6 Ng8 30. Qf2 Qd7 31. Rf6 Nxf6 32. Qxf6+ Kh7 33. Ne7 Nh8 34.
N3d5 Qh3 35. Qxf8 Qxg3+ 36. Kh1 Qh3+ 37. Kg1 Qg3+ 38. Kh1 Qxh4+ 39. Kg2 Qg4+
40. Kh2 Qh4+ 41. Kg2 Qg5+ 42. Kh2 Rxf8 43. Rxf8 h4 44. Rf3 Kg7 45. Nf6 Nf7 46.
Ned5 Qd2+ 47. Kg1 Ng5 48. Ne8+ Kh6 49. Rf8 Qe1+ 50. Kh2 Qg3+ 51. Kh1 Nf3 0-1

[Event "StM 2004"]
[Site "Hartberg"]
[Date "2004.??.??"]
[Round "3.26"]
[White "Mayerhofer, Peter"]
[Black "Schwaninger, Wolfgang"]
[Result "1/2-1/2"]
[WhiteElo "2165"]
[BlackElo "2255"]
[PlyCount "56"]
[EventDate "2004.??.??"]

1. e4 g6 2. d4 d6 3. Nc3 Bg7 4. f4 c6 5. Nf3 Bg4 6. Be3 e6 7. h3 Bxf3 8. Qxf3
Ne7 9. Bd3 Qb6 10. O-O-O d5 11. e5 Na6 12. g4 Nb4 13. Kb1 Nxd3 14. Rxd3 Qa5 15.
Ne2 h5 16. Ng3 hxg4 17. hxg4 O-O-O 18. Ra3 Qb6 19. Rb3 Qa5 20. Ra3 Qb6 21. Rb3
Rxh1+ 22. Qxh1 Rh8 23. Qf1 Qa6 24. Qf2 Rh3 25. Ra3 Qb6 26. Rb3 Qa6 27. Ra3 Qb6
28. Rb3 Qa6 1/2-1/2

[Event "StM 2004"]
[Site "Hartberg"]
[Date "2004.??.??"]
[Round "3.27"]
[White "Schein, Karl-Heinz"]
[Black "Fandler_1997, Simon"]
[Result "1-0"]
[WhiteElo "2253"]
[BlackElo "1997"]
[PlyCount "89"]
[EventDate "2004.??.??"]

1. e4 c5 2. Nf3 e6 3. d3 Nc6 4. g3 d5 5. Nbd2 Bd6 6. Bg2 Nge7 7. O-O O-O 8. Re1
Qc7 9. c3 d4 10. Nc4 e5 11. cxd4 cxd4 12. Nh4 Be6 13. Nxd6 Qxd6 14. f4 f6 15.
Bd2 Nb4 16. Bxb4 Qxb4 17. Qe2 Rac8 18. a3 Qd6 19. Rf1 a5 20. Rf2 a4 21. Raf1
Qd7 22. fxe5 fxe5 23. Rxf8+ Rxf8 24. Rxf8+ Kxf8 25. Qh5 Qb5 26. h3 Bf7 27. Qe2
g6 28. Nf3 Kg7 29. h4 Be6 30. Ng5 Bd7 31. Bh3 Bxh3 32. Nxh3 Qb3 33. Qd2 Nc6 34.
Nf2 h5 35. g4 hxg4 36. Nxg4 Qf7 37. h5 Qe6 38. Qg5 b5 39. Kg2 Qd6 40. Qh6+ Kg8
41. hxg6 Qe7 42. Qh5 Qc7 43. Kg3 Qe7 44. Nh6+ Kf8 45. Nf5 1-0

[Event "StM 2004"]
[Site "Hartberg"]
[Date "2004.??.??"]
[Round "3.28"]
[White "Benda, Herbert"]
[Black "Herrmann, Johann"]
[Result "1-0"]
[WhiteElo "2336"]
[BlackElo "2168"]
[PlyCount "105"]
[EventDate "2004.??.??"]

1. e4 b6 2. d4 Bb7 3. Bd3 e6 4. Nf3 d6 5. c4 c5 6. d5 e5 7. Nc3 Nd7 8. Be3 Be7
9. g3 a6 10. Qe2 h6 11. h4 Ndf6 12. h5 Bc8 13. Nh4 Bg4 14. f3 Bxh5 15. Nf5 Bf8
16. g4 Bg6 17. Bc2 Qc7 18. Ba4+ Nd7 19. f4 f6 20. fxe5 fxe5 21. O-O-O O-O-O 22.
g5 h5 23. Nh4 Be8 24. g6 Ne7 25. Bg5 Nf6 26. Bxe8 Rxe8 27. Rdf1 Neg8 28. Nf5
Qd7 29. Rh4 Kc7 30. b3 Rb8 31. a4 Qe8 32. Bxf6 Nxf6 33. Qg2 Ng4 34. Rxh5 Rxh5
35. Qxg4 Rh8 36. Nxg7 Bxg7 37. Rf7+ Qxf7 38. gxf7 Bf8 39. Qe6 Rd8 40. Kd1 Bg7
41. Ne2 Rhf8 42. Qg6 Bh8 43. Ng3 Rd7 44. Nf5 Rfxf7 45. Qg8 Rh7 46. Qa8 Rh1+ 47.
Ke2 Rdh7 48. Qc6+ Kd8 49. Qxd6+ Ke8 50. Qe6+ Kf8 51. d6 R7h3 52. Qe7+ Kg8 53.
Qe8+ 1-0

[Event "StM 2004"]
[Site "Hartberg"]
[Date "2004.??.??"]
[Round "3.29"]
[White "Brod, Manfred"]
[Black "Bozinovic, Boban"]
[Result "1-0"]
[WhiteElo "2233"]
[BlackElo "2163"]
[PlyCount "81"]
[EventDate "2004.??.??"]

1. e4 c5 2. Nf3 d6 3. d4 cxd4 4. Nxd4 Nf6 5. Nc3 g6 6. Be3 Bg7 7. f3 O-O 8. Qd2
Nc6 9. O-O-O d5 10. exd5 Nxd5 11. Nxc6 bxc6 12. Bd4 Nxc3 13. Qxc3 Bh6+ 14. Be3
Bxe3+ 15. Qxe3 Qb6 16. Qxe7 Be6 17. Qa3 Rfd8 18. Ba6 c5 19. Be2 c4 20. f4 c3
21. Qxc3 Rdc8 22. Qd4 Qc7 23. Qa4 Bxa2 24. Ba6 Rab8 25. Bxc8 Rxc8 26. Rhe1 Be6
27. h3 Qb6 28. Kb1 h5 29. Rd2 Kh7 30. b3 Rc4 31. Qe8 Rc8 32. Qa4 Rc4 33. Qe8
Rc8 34. Qe7 Qa5 35. Red1 Rc6 36. Qd8 Qc3 37. Qd4 Qa5 38. g4 Ra6 39. Qb2 Rc6 40.
Rd8 f6 41. Qxf6 1-0

[Event "StM 2004"]
[Site "Hartberg"]
[Date "2004.??.??"]
[Round "3.30"]
[White "Kreindl, Helmut"]
[Black "Bachofner, Christian"]
[Result "1/2-1/2"]
[WhiteElo "2228"]
[BlackElo "2163"]
[PlyCount "114"]
[EventDate "2004.??.??"]

1. d4 d5 2. Nf3 Nf6 3. e3 Bf5 4. c4 c6 5. cxd5 Nxd5 6. Bd3 Bxd3 7. Qxd3 e6 8.
O-O Nd7 9. e4 N5f6 10. Nc3 Be7 11. Bg5 h6 12. Bh4 O-O 13. Rad1 Re8 14. Ne5 Nxe5
15. dxe5 Qxd3 16. Rxd3 Nxe4 17. Nxe4 Bxh4 18. g3 Red8 19. Rb3 Rd4 20. Re1 Bd8
21. Rxb7 Bb6 22. Re2 Rad8 23. Kg2 R8d5 24. f4 Rd1 25. Kh3 R5d3 26. Kg4 Rd4 27.
Kh3 R4d3 28. Kg4 Rd4 29. h4 R1d3 30. h5 Rd1 31. Rb8+ Rd8 32. Rb7 R8d4 33. Rb8+
Rd8 34. Rxd8+ Rxd8 35. Nd6 f6 36. Rc2 fxe5 37. fxe5 Bd4 38. Kf4 c5 39. Ke4 Rb8
40. b3 a6 41. Rc1 Bf2 42. g4 Bd4 43. Rc4 a5 44. Ra4 Bc3 45. Rc4 Bd4 46. Rc1 Rb4
47. Rf1 a4 48. Rb1 Bf2+ 49. Nc4 axb3 50. axb3 Bd4 51. Na5 Bf2+ 52. Kf3 Bh4 53.
Nc4 Bg5 54. Kg3 Rb8 55. Kg2 Rb4 56. Kg3 Rb8 57. Kg2 Rb4 1/2-1/2

[Event "StM 2004"]
[Site "Hartberg"]
[Date "2004.??.??"]
[Round "3.31"]
[White "Fauland, Peter"]
[Black "Herndlbauer, Martin"]
[Result "1-0"]
[WhiteElo "2227"]
[BlackElo "2145"]
[PlyCount "63"]
[EventDate "2004.??.??"]

1. e4 c5 2. Nf3 Nc6 3. d4 cxd4 4. Nxd4 Nf6 5. Nc3 e5 6. Ndb5 d6 7. a4 a6 8. Na3
Be6 9. Bg5 Qa5 10. Bxf6 gxf6 11. Bc4 Qb4 12. Bxe6 fxe6 13. Qh5+ Ke7 14. O-O Bg7
15. Rfd1 Rag8 16. Rd3 Bf8 17. Qh3 Nd4 18. f4 Kf7 19. Qh5+ Ke7 20. Rad1 Rg6 21.
f5 Rg5 22. Qh3 Rhg8 23. g3 Qc5 24. b4 Qa7 25. Kh1 exf5 26. exf5 Nxf5 27. Ne4
Ne3 28. Rxd6 Ng4 29. Rd7+ Ke6 30. Qf1 Rh5 31. Qc4+ Kf5 32. Rf1+ 1-0

[Event "StM 2004"]
[Site "Hartberg"]
[Date "2004.??.??"]
[Round "3.32"]
[White "Ferrari, Josef"]
[Black "Hosp, Reinhard"]
[Result "0-1"]
[WhiteElo "2220"]
[BlackElo "2131"]
[PlyCount "102"]
[EventDate "2004.??.??"]

1. d4 d5 2. g3 c6 3. Nf3 Nd7 4. Bg2 Ngf6 5. O-O h6 6. c4 dxc4 7. Nc3 Nb6 8. e4
Bg4 9. Be3 e6 10. Qc2 Bxf3 11. Bxf3 Be7 12. a4 O-O 13. a5 Nbd7 14. Rfd1 b5 15.
Bf4 g5 16. Be3 a6 17. d5 Ne5 18. Bg2 Nfg4 19. Bb6 Qc8 20. d6 Bd8 21. Bc5 Nd7
22. Qe2 Nxc5 23. Qxg4 f5 24. Qh5 Kg7 25. e5 Qd7 26. Ne2 Nd3 27. f4 Nxb2 28. Rd2
Nd3 29. Nd4 Qa7 30. Rad1 Qxd4+ 31. Kh1 Rc8 32. Bf1 Qe4+ 33. Bg2 Qe3 34. Re2 Qd4
35. Red2 g4 36. h3 gxh3 37. Bxh3 Bxa5 38. Ra2 Nf2+ 39. Rxf2 Qxf2 40. Rf1 Qa7
41. Bg2 Bd2 42. g4 Qf7 43. Qh4 c3 44. gxf5 Qxf5 45. Bh3 Qe4+ 46. Bg2 Qg6 47. d7
Rcd8 48. Bxc6 c2 49. Qe7+ Kh8 50. f5 Qh5+ 51. Kg2 Qg4+ 0-1

[Event "StM 2004"]
[Site "Hartberg"]
[Date "2004.??.??"]
[Round "3.33"]
[White "Wolfram, Dominik"]
[Black "Sulyok, Michael"]
[Result "1/2-1/2"]
[WhiteElo "2102"]
[BlackElo "2219"]
[PlyCount "39"]
[EventDate "2004.??.??"]

1. e4 d6 2. d4 Nf6 3. Nc3 g6 4. Bg5 Bg7 5. e5 dxe5 6. dxe5 Ng4 7. Qxd8+ Kxd8 8.
Rd1+ Bd7 9. e6 fxe6 10. Bc4 Ke8 11. Nf3 Nc6 12. O-O Nge5 13. Nxe5 Nxe5 14. Nb5
Rc8 15. Rxd7 Nxd7 16. Bxe6 Be5 17. f4 Bd6 18. Bh6 Rd8 19. Bg7 Rf8 20. Bxf8
1/2-1/2

[Event "StM 2004"]
[Site "Hartberg"]
[Date "2004.??.??"]
[Round "3.35"]
[White "Koffler, Daniel"]
[Black "Hatzl, Stefan"]
[Result "0-1"]
[WhiteElo "2080"]
[BlackElo "2213"]
[PlyCount "80"]
[EventDate "2004.??.??"]

1. Nf3 c5 2. c4 Nc6 3. d4 cxd4 4. Nxd4 Nf6 5. Nc3 e6 6. Ndb5 d6 7. Bf4 e5 8.
Bg5 a6 9. Na3 Be7 10. Bxf6 Bxf6 11. g3 O-O 12. Bg2 Be6 13. O-O Rc8 14. Nd5 Bxd5
15. cxd5 Nb8 16. Bh3 Rc7 17. e4 g6 18. Nc2 Nd7 19. Qe2 Qe7 20. Ne3 Bg7 21. Rac1
Rfc8 22. Qd2 Rxc1 23. Rxc1 Rxc1+ 24. Qxc1 Qd8 25. b4 Bh6 26. a4 Kg7 27. a5 Nf6
28. Qc4 Bxe3 29. fxe3 Nh5 30. Qc8 Qg5 31. Kf2 Nf6 32. Ke2 Qh5+ 33. Kd2 Nxe4+
34. Kc1 Qe2 35. Qc2 Qe1+ 36. Kb2 Qxb4+ 37. Kc1 Qe1+ 38. Kb2 Qxe3 39. Bg2 Nc5
40. h4 Qd4+ 0-1

[Event "StM 2004"]
[Site "Hartberg"]
[Date "2004.??.??"]
[Round "3.36"]
[White "Zsifkovits, Robert"]
[Black "Kreisl, Robert"]
[Result "1/2-1/2"]
[WhiteElo "2142"]
[BlackElo "2206"]
[PlyCount "97"]
[EventDate "2004.??.??"]

1. e4 e6 2. d4 c5 3. c3 Nf6 4. Bd3 d6 5. Nf3 Be7 6. O-O Nc6 7. Re1 O-O 8. Nbd2
cxd4 9. cxd4 e5 10. d5 Nb4 11. Bf1 a5 12. a3 Na6 13. b4 Bd7 14. Rb1 axb4 15.
axb4 Ne8 16. Bd3 g6 17. Nc4 b5 18. Na3 Rb8 19. Qe2 Nac7 20. Nd2 f5 21. f3 Nf6
22. Nb3 fxe4 23. fxe4 Na6 24. Nc2 Nh5 25. g3 Bg5 26. Nd2 Qb6+ 27. Kg2 Rf7 28.
Nf3 Bxc1 29. Rexc1 Rbf8 30. Rf1 Bg4 31. Nce1 Nc7 32. h3 Bd7 33. Nc2 h6 34. Nh4
Kg7 35. Rxf7+ Rxf7 36. Rf1 Ne8 37. Rxf7+ Kxf7 38. Qe3 Qxe3 39. Nxe3 Nef6 40.
Nc2 Ne8 41. Nf3 Nhf6 42. Na3 Nc7 43. Nd2 Na6 44. Nc2 Ne8 45. Nb1 Nec7 46. Nc3
Ke7 47. Be2 Kf6 48. Bf1 Ke7 49. Kf3 1/2-1/2

[Event "StM 2004"]
[Site "Hartberg"]
[Date "2004.??.??"]
[Round "3.37"]
[White "Gerhold, Michael"]
[Black "Halser, Walter"]
[Result "1-0"]
[WhiteElo "2203"]
[BlackElo "2120"]
[PlyCount "79"]
[EventDate "2004.??.??"]

1. d4 Nf6 2. c4 e6 3. Nf3 d5 4. g3 c5 5. cxd5 exd5 6. Bg2 Nc6 7. O-O h6 8. Be3
Ng4 9. Bf4 g5 10. Bc1 cxd4 11. h3 Nf6 12. Nxd4 Bg7 13. Nc3 O-O 14. Be3 Re8 15.
Rc1 Ne5 16. b3 a6 17. Qc2 Nc6 18. Nxc6 bxc6 19. Bd4 a5 20. Rfd1 Qe7 21. e3 Bd7
22. Na4 Rac8 23. Nb6 Be6 24. Nxc8 Rxc8 25. Qc5 Qd7 26. Kh2 a4 27. bxa4 Bf8 28.
Qb6 Ne8 29. a5 Nd6 30. Ba1 Ne8 31. e4 Rd8 32. exd5 cxd5 33. a6 Ra8 34. Bd4 Qa4
35. Bf1 Ba3 36. Qc6 Qxc6 37. Rxc6 Nd6 38. a7 Nc4 39. Rxc4 dxc4 40. Bg2 1-0

[Event "StM 2004"]
[Site "Hartberg"]
[Date "2004.??.??"]
[Round "3.38"]
[White "Fahrner, Kurt"]
[Black "Deutsch, Ludwig"]
[Result "1-0"]
[WhiteElo "2342"]
[BlackElo "2155"]
[PlyCount "131"]
[EventDate "2004.??.??"]

1. d4 d5 2. c4 e6 3. Nc3 c6 4. cxd5 exd5 5. Nf3 Nf6 6. Bg5 h6 7. Bh4 Be7 8. Qc2
Be6 9. e3 Nbd7 10. Bd3 Nh5 11. Bxe7 Qxe7 12. O-O Nhf6 13. b4 O-O 14. Rab1 a6
15. a4 Rfc8 16. Rfc1 Ne8 17. Qe2 Bg4 18. b5 axb5 19. axb5 Nd6 20. h3 Bxf3 21.
Qxf3 Nf6 22. Bf5 Rcb8 23. Qf4 Nxf5 24. Qxf5 Qd6 25. Qc2 Rc8 26. bxc6 bxc6 27.
Na4 Ra6 28. Nc5 Ra7 29. Rb6 Re7 30. Qf5 Rb8 31. Rcb1 Ra8 32. g3 Ree8 33. Nd3
Qe6 34. Qxe6 Rxe6 35. R1b2 Nd7 36. Rb7 Rd6 37. Rc7 Ra3 38. Nf4 g5 39. Nh5 Nf6
40. Rb8+ Kh7 41. Rxf7+ Kg6 42. Rxf6+ Rxf6 43. Nxf6 Kxf6 44. Rd8 Rc3 45. Rd6+
Kg7 46. h4 gxh4 47. gxh4 Rc2 48. Kg2 Kh7 49. Kg3 Kg7 50. f3 Kh7 51. Kf4 Kg7 52.
h5 Rh2 53. Rg6+ Kh7 54. Rxc6 Rxh5 55. Rc5 Kg6 56. e4 Kf6 57. Rxd5 Rxd5 58. exd5
Ke7 59. Ke5 h5 60. Kf5 Kd6 61. Kg5 Kxd5 62. Kxh5 Kxd4 63. Kg5 Ke5 64. f4+ Ke6
65. Kg6 Ke7 66. f5 1-0

[Event "StM 2004"]
[Site "Hartberg"]
[Date "2004.??.??"]
[Round "3.39"]
[White "Kranz, Armin"]
[Black "Bachofner, Andreas"]
[Result "1/2-1/2"]
[WhiteElo "2149"]
[BlackElo "2230"]
[PlyCount "39"]
[EventDate "2004.??.??"]

1. d4 e6 2. Nf3 f5 3. c4 Nf6 4. e3 d5 5. Bd3 c6 6. O-O Bd6 7. b3 Qe7 8. Bb2 O-O
9. Qc1 b6 10. Ba3 Ba6 11. Bxd6 Qxd6 12. Ne5 Rc8 13. Qa3 Qxa3 14. Nxa3 Nbd7 15.
cxd5 Bxd3 16. Nxd3 cxd5 17. Rac1 Ne4 18. Nb1 a5 19. f3 Nd6 20. Rxc8+ 1/2-1/2

[Event "StM 2004"]
[Site "Hartberg"]
[Date "2004.??.??"]
[Round "3.40"]
[White "Raffalt, Manfred"]
[Black "Krenek, Markus"]
[Result "1/2-1/2"]
[WhiteElo "2181"]
[BlackElo "2117"]
[PlyCount "86"]
[EventDate "2004.??.??"]

1. d4 Nf6 2. c4 g6 3. g3 Bg7 4. Bg2 d6 5. Nf3 O-O 6. O-O Nc6 7. Nc3 a6 8. b3
Rb8 9. Bb2 Bf5 10. d5 Ne5 11. Nd4 Bd7 12. Qd2 c5 13. dxc6 Nxc6 14. Rfd1 Nxd4
15. Qxd4 Bc6 16. e4 Nd7 17. Qd2 b5 18. cxb5 axb5 19. Nd5 Bxb2 20. Qxb2 Bxd5 21.
exd5 b4 22. Rd4 Qb6 23. Qd2 Rb7 24. Re1 Nc5 25. Rc1 Qa5 26. Rcc4 Ra7 27. Rc2
Rb7 28. h4 Rfb8 29. h5 Qd8 30. hxg6 hxg6 31. Bf3 Qf8 32. Kg2 Qg7 33. Rcc4 f5
34. Rxb4 Rxb4 35. Rxb4 Rxb4 36. Qxb4 Qb2 37. Qb5 Kf7 38. b4 Qb1 39. Be2 Ne4 40.
Bd3 Qe1 41. Qb6 Qd2 42. Bc4 f4 43. gxf4 Qxf4 1/2-1/2